[Event "Nuremberg Zabo op 23rd"]
[Site "Nuremberg"]
[Date "2023.09.16"]
[Round "3"]
[White "Babichev, Vyacheslav"]
[Black "Ratushnyi, Artur"]
[Result "1-0"]
[WhiteElo "1678"]
[BlackElo "1301"]
[PlyCount "79"]
[EventDate "2023.09.15"]
[EventType "swiss"]
[EventRounds "5"]
[EventCountry "GER"]
[SourceTitle "EXT 2024"]
[Source "ChessBase"]
[SourceDate "2023.10.10"]
[SourceVersion "1"]
[SourceVersionDate "2023.10.10"]
[SourceQuality "1"]

1. d4 d5 2. c4 dxc4 3. e3 Nc6 4. Bxc4 e5 5. Ne2 Bg4 6. f3 Bb4+ 7. Nbc3 exd4 8. a3 dxc3 9. axb4 Qxd1+ 10. Kxd1 0-0-0+ 11. Ke1 cxb2 12. Bxb2 Nxb4 13. fxg4 Nc2+ 14. Kf2 Nxa1 15. Bxg7 Nc2 16. Bxh8 Nh6 17. Bc3 Nxg4+ 18. Kf3 Ngxe3 19. Bb3 b5 20. Rc1 b4 21. Be5 f6 22. Bf4 Rd3 23. Be6+ Kd8 24. Ke4 Ra3 25. Nd4 Nxd4 26. Kxd4 Nxg2 27. Bxc7+ Ke7 28. Bf5 h6 29. Bg3 b3 30. Kc3 Ra6 31. Kxb3 Rb6+ 32. Ka4 Rb2 33. Rc7+ Kd8 34. Rd7+ Ke8 35. Rh7 Ne3 36. Bg6+ Kf8 37. Rf7+ Kg8 38. Rxf6 Kg7 39. Re6 Rb6 40. Be5+ 1-0

[Event "Mittelfranken Mitte-ch"]
[Site "Nuremberg"]
[Date "2020.01.04"]
[Round "3.16"]
[White "Babichev, Vyacheslav"]
[Black "Albayrak, Aylin"]
[Result "0-1"]
[WhiteElo "1787"]
[BlackElo "1703"]
[PlyCount "71"]
[EventDate "2020.01.03"]
[EventType "swiss"]
[EventRounds "7"]
[EventCountry "GER"]
[SourceTitle "EXT 2023"]
[Source "ChessBase"]
[SourceDate "2022.10.05"]
[SourceVersion "1"]
[SourceVersionDate "2022.10.05"]
[SourceQuality "1"]

1. Nf3 d5 2. d4 Nf6 3. e3 Bg4 4. h3 Bf5 5. Bb5+ c6 6. Ba4 e6 7. Nh4 Be4 8. f3 Bg6 9. Nxg6 hxg6 10. c3 Bd6 11. 0-0 Bc7 12. Bc2 Qd6 13. f4 g5 14. Qe2 Nbd7 15. Nd2 0-0-0 16. Nf3 g4 17. Ne5 Qe7 18. Nxg4 Nxg4 19. Qxg4 f5 20. Qf3 Qh4 21. Bd2 g5 22. Be1 Qh6 23. Bg3 gxf4 24. Bxf4 Bxf4 25. Qxf4 Qg7 26. Kh2 Rdg8 27. Rg1 Qe7 28. b4 Nf6 29. Bd1 Ne4 30. Rc1 Rh4 31. Qe5 Nf2 32. Be2 Re4 33. Qg3 Rxg3 34. Kxg3 Qh4+ 35. Kh2 Rxe3 36. Bf3 0-1

[Event "Mittelfranken-ch QT"]
[Site "Nuremberg"]
[Date "2019.04.18"]
[Round "3.7"]
[White "Floegel, Marco"]
[Black "Babichev, Vyacheslav"]
[Result "1/2-1/2"]
[WhiteElo "1638"]
[BlackElo "1783"]
[PlyCount "102"]
[EventDate "2019.04.17"]
[EventType "swiss"]
[EventRounds "7"]
[EventCountry "GER"]
[SourceTitle "EXT 2022"]
[Source "ChessBase"]
[SourceDate "2021.10.06"]
[SourceVersion "1"]
[SourceVersionDate "2021.10.06"]
[SourceQuality "1"]

1. e4 g6 2. Nf3 Bg7 3. d4 d6 4. Bc4 Nf6 5. Qe2 0-0 6. h3 Nbd7 7. Bf4 Nh5 8. Bg5 h6 9. Be3 c5 10. c3 Nb6 11. Bd3 cxd4 12. cxd4 Nf6 13. Nc3 Bd7 14. Rc1 e6 15. 0-0 a6 16. Qd2 Kh7 17. g4 Ng8 18. Kh1 Rc8 19. Rg1 Nc4 20. Qe2 Nxe3 21. fxe3 e5 22. Rcf1 Ne7 23. h4 Nc6 24. d5 Nb4 25. Bb1 a5 26. a3 Na6 27. Bd3 Nc5 28. Bb5 Bxb5 29. Qxb5 b6 30. b4 axb4 31. axb4 Nd7 32. Na4 Qe7 33. Rc1 Rfd8 34. Rc6 Rb8 35. Rc7 Qe8 36. g5 h5 37. Rgc1 Rdc8 38. R1c6 Rxc7 39. Rxc7 Rd8 40. Nxb6 Nxb6 41. Qxb6 Bf8 42. Qc6 Kg8 43. b5 Be7 44. b6 Qf8 45. b7 f6 46. Kg2 f5 47. exf5 Qxf5 48. Rxe7 Rf8 49. Kh2 Qxf3 50. Qc8 Qf2+ 51. Kh1 Qf1+ 1/2-1/2

[Event "Nuremberg Zabo op 20th"]
[Site "Nuremberg"]
[Date "2018.09.19"]
[Round "5"]
[White "Babichev, Vyacheslav"]
[Black "Braun, Kristin"]
[Result "0-1"]
[WhiteElo "1633"]
[BlackElo "1958"]
[PlyCount "90"]
[EventDate "2018.09.15"]
[EventType "swiss"]
[EventRounds "5"]
[EventCountry "GER"]
[SourceTitle "EXT 2020"]
[Source "ChessBase"]
[SourceDate "2019.10.17"]
[SourceVersion "1"]
[SourceVersionDate "2019.10.17"]
[SourceQuality "1"]

1. d4 Nf6 2. Nf3 g6 3. c4 Bg7 4. g3 d6 5. Bg2 0-0 6. Nc3 Nbd7 7. 0-0 e5 8. e3 c6 9. Qc2 Nh5 10. b3 f5 11. Ne2 Qe7 12. Re1 h6 13. Bb2 Qf7 14. Rad1 g5 15. Ba3 e4 16. Nd2 c5 17. Rf1 Nhf6 18. f4 Qh5 19. Rf2 Ng4 20. Nf1 Nxf2 21. Kxf2 b6 22. Nc3 gxf4 23. exf4 Bxd4+ 24. Ne3 Qxh2 25. Qe2 Nf6 26. Rh1 Bxe3+ 27. Kxe3 Qxg3+ 28. Kd2 Qxf4+ 29. Kc2 Ng4 30. Bc1 Qf2 31. Qxf2 Nxf2 32. Rxh6 Bb7 33. Bf4 Ng4 34. Rxd6 Rad8 35. Re6 Kf7 36. Rd6 Rxd6 37. Bxd6 Ne3+ 38. Kc1 Nxg2 39. Bxf8 Kxf8 40. Kd2 e3+ 41. Ke2 f4 42. Nd5 Bxd5 43. cxd5 Ke7 44. Kf3 Nh4+ 45. Ke2 Kd6 0-1

[Event "Nuremberg Zabo op 20th"]
[Site "Nuremberg"]
[Date "2018.09.16"]
[Round "4"]
[White "Oezdemir, Emrehan"]
[Black "Babichev, Vyacheslav"]
[Result "0-1"]
[WhiteElo "1322"]
[BlackElo "1633"]
[PlyCount "64"]
[EventDate "2018.09.15"]
[EventType "swiss"]
[EventRounds "5"]
[EventCountry "GER"]
[SourceTitle "EXT 2020"]
[Source "ChessBase"]
[SourceDate "2019.10.17"]
[SourceVersion "1"]
[SourceVersionDate "2019.10.17"]
[SourceQuality "1"]

1. e4 g6 2. d4 Bg7 3. Nc3 d6 4. Be3 Nf6 5. Qd2 Ng4 6. Bg5 h6 7. Bh4 c6 8. h3 Nf6 9. f4 Qb6 10. 0-0-0 0-0 11. e5 dxe5 12. dxe5 Nd5 13. Nxd5 cxd5 14. Bxe7 Re8 15. Bd6 Be6 16. Ne2 Nc6 17. Nc3 d4 18. Nb5 Rac8 19. Kb1 Red8 20. g4 a6 21. Na3 Bd5 22. Rg1 d3 23. f5 Qxg1 24. f6 Bh8 25. Bxd3 Qd4 26. Qxh6 Nxe5 27. c3 Bxa2+ 28. Kxa2 Qxd6 29. Bxg6 Qe6+ 30. c4 Nxg6 31. Rc1 Qxf6 32. g5 Qxb2# 0-1

[Event "Mittelfranken-ch QT 67th"]
[Site "Nuremberg"]
[Date "2018.03.29"]
[Round "3"]
[White "Babichev, Vyacheslav"]
[Black "Hahn, Thomas1111"]
[Result "1-0"]
[WhiteElo "1822"]
[BlackElo "1727"]
[PlyCount "79"]
[EventDate "2018.03.28"]
[EventType "swiss"]
[EventRounds "7"]
[EventCountry "GER"]
[SourceTitle "EXT 2020"]
[Source "ChessBase"]
[SourceDate "2019.10.17"]
[SourceVersion "1"]
[SourceVersionDate "2019.10.17"]
[SourceQuality "1"]

1. e4 c5 2. Nf3 d6 3. d4 cxd4 4. Nxd4 Nf6 5. Nc3 g6 6. Bg5 Bg7 7. Bc4 0-0 8. Qd2 Nc6 9. Nxc6 bxc6 10. 0-0 Rb8 11. Rab1 Qa5 12. Bh6 Bxh6 13. Qxh6 Rxb2 14. Qd2 Rxb1 15. Rxb1 Be6 16. Bxe6 fxe6 17. h3 Qc7 18. Qd3 Rb8 19. Re1 Qa5 20. Re3 Qb6 21. Kh2 Rf8 22. g3 Nd7 23. Qe2 Ne5 24. Kg2 Qc5 25. Nd1 Qc4 26. Qxc4 Nxc4 27. Rb3 Nb6 28. Ra3 Ra8 29. Ne3 e5 30. c4 c5 31. Ra6 Kf7 32. a4 Ke8 33. a5 Na4 34. Nd5 Kd7 35. f4 exf4 36. gxf4 h6 37. e5 dxe5 38. fxe5 e6 39. Rd6+ Ke8 40. Nc7+ 1-0

[Event "Mittelfranken Mitte-ch"]
[Site "Nuremberg"]
[Date "2017.01.07"]
[Round "4"]
[White "Babichev, Vyacheslav"]
[Black "Albayrak, Nese Pinar"]
[Result "1-0"]
[WhiteElo "1863"]
[BlackElo "1095"]
[PlyCount "101"]
[EventDate "2017.01.05"]
[EventType "swiss"]
[EventRounds "7"]
[EventCountry "GER"]
[SourceTitle "EXT 2018"]
[Source "ChessBase"]
[SourceDate "2017.10.13"]
[SourceVersion "1"]
[SourceVersionDate "2017.10.13"]
[SourceQuality "1"]

1. c4 e5 2. Nc3 Nf6 3. d3 Nc6 4. Nf3 h6 5. g3 Bc5 6. Bg2 0-0 7. 0-0 d6 8. Na4 Bd4 9. e3 Bb6 10. Nxb6 axb6 11. Nd2 Re8 12. a3 Be6 13. Nb1 d5 14. b3 e4 15. dxe4 Nxe4 16. f3 Nf6 17. Nd2 d4 18. e4 d3 19. Bb2 Nd4 20. Qb1 Nc6 21. Rd1 Na5 22. Nf1 d2 23. Rxd2 Qe7 24. Rd3 Red8 25. Ne3 Rxd3 26. Qxd3 Rd8 27. Qc3 Nc6 28. Nd5 Qc5+ 29. Kh1 Bxd5 30. exd5 Ne7 31. b4 Qd6 32. Rd1 c6 33. c5 bxc5 34. bxc5 Qd7 35. d6 Nf5 36. Qa5 Ne3 37. Bxf6 gxf6 38. Rd4 f5 39. Bh3 Re8 40. Qc7 Qe6 41. d7 Nd5 42. dxe8Q+ Qxe8 43. Qa5 Qe3 44. Qd2 Qxf3+ 45. Bg2 Qxa3 46. Bxd5 cxd5 47. Rxd5 Qf3+ 48. Kg1 Kg7 49. Qd4+ Kg6 50. Rd6+ Kg5 51. Qh4# 1-0

[Event "Mittelfranken Mitte-ch"]
[Site "Nuremberg"]
[Date "2017.01.07"]
[Round "3"]
[White "Bolten, Daniel"]
[Black "Babichev, Vyacheslav"]
[Result "1-0"]
[WhiteElo "2075"]
[BlackElo "1863"]
[PlyCount "55"]
[EventDate "2017.01.05"]
[EventType "swiss"]
[EventRounds "7"]
[EventCountry "GER"]
[SourceTitle "EXT 2018"]
[Source "ChessBase"]
[SourceDate "2017.10.13"]
[SourceVersion "1"]
[SourceVersionDate "2017.10.13"]
[SourceQuality "1"]

1. d4 Nf6 2. Nf3 g6 3. c4 Bg7 4. g3 0-0 5. Bg2 d6 6. 0-0 Nbd7 7. Qc2 c6 8. Nc3 Rb8 9. Rd1 a6 10. Bf4 Nh5 11. Be3 f5 12. Ng5 Ndf6 13. d5 c5 14. Rab1 Ng4 15. Bd2 h6 16. Nf3 Kh7 17. h3 Ngf6 18. Nh4 Qe8 19. e4 Ng8 20. exf5 gxf5 21. g4 Nhf6 22. Ne2 e6 23. dxe6 Bxe6 24. Nf4 Bf7 25. Qxf5+ Bg6 26. Nhxg6 Rf7 27. Nf8+ Kh8 28. N4g6# 1-0

[Event "GER-chB Seniors 28th"]
[Site "Niederhausen"]
[Date "2016.08.18"]
[Round "6"]
[White "Zotin, Vladimir"]
[Black "Babichev, Vyacheslav"]
[Result "1-0"]
[WhiteElo "1884"]
[BlackElo "1830"]
[PlyCount "125"]
[EventDate "2016.08.13"]
[EventType "swiss"]
[EventRounds "9"]
[EventCountry "GER"]
[SourceTitle "EXT 2019"]
[Source "ChessBase"]
[SourceDate "2018.10.10"]
[SourceVersion "1"]
[SourceVersionDate "2018.10.10"]
[SourceQuality "1"]

1. e4 e5 2. Nf3 Nc6 3. d4 exd4 4. Bc4 Be7 5. 0-0 d6 6. Nxd4 Nxd4 7. Qxd4 Bf6 8. Qd3 Ne7 9. f4 0-0 10. Nc3 a6 11. a4 Bd7 12. Be3 Qc8 13. Rad1 Be6 14. Bxe6 Qxe6 15. f5 Qc8 16. Ne2 Nc6 17. c3 Ne5 18. Qc2 Ng4 19. Bf4 Be5 20. h3 Bxf4 21. hxg4 Be3+ 22. Kh2 Qd8 23. Kg3 Re8 24. Qd3 Bg5 25. Nd4 Bh4+ 26. Kh3 Bf6 27. Nf3 Qe7 28. Rfe1 h6 29. g3 Rad8 30. Rd2 Bg5 31. Rde2 Bf6 32. Qc2 Qd7 33. Qb3 c6 34. Qb6 Qc8 35. e5 dxe5 36. Nxe5 Rd5 37. Nc4 Rxe2 38. Rxe2 h5 39. Ne3 hxg4+ 40. Kxg4 g6 41. Rf2 gxf5+ 42. Nxf5 Re5 43. Qb4 Qe6 44. Qd6 Rxf5 45. Qb8+ Kg7 46. Rxf5 Qe2+ 47. Rf3 Qe4+ 48. Qf4 Qg6+ 49. Kh3 Bg5 50. Qf5 Qh6+ 51. Kg2 Bf6 52. Rf4 b5 53. axb5 cxb5 54. Rg4+ Kf8 55. Qc8+ Ke7 56. Re4+ Kd6 57. Qxa6+ Kc5 58. Rf4 Bg7 59. b4+ Kd5 60. Qxb5+ Ke6 61. Qc4+ Kd6 62. Qc5+ Kd7 63. Rxf7+ 1-0

[Event "GER-chB Seniors 28th"]
[Site "Niederhausen"]
[Date "2016.08.14"]
[Round "2"]
[White "Babichev, Vyacheslav"]
[Black "Elkendorf, Werner"]
[Result "1-0"]
[WhiteElo "1830"]
[BlackElo "1566"]
[PlyCount "78"]
[EventDate "2016.08.13"]
[EventType "swiss"]
[EventRounds "9"]
[EventCountry "GER"]
[SourceTitle "EXT 2019"]
[Source "ChessBase"]
[SourceDate "2018.10.10"]
[SourceVersion "1"]
[SourceVersionDate "2018.10.10"]
[SourceQuality "1"]

1. Nf3 c5 2. b3 d6 3. Bb2 Nc6 4. e3 Bd7 5. d4 cxd4 6. Nxd4 a6 7. Be2 e5 8. Nf3 Nf6 9. Nbd2 b5 10. 0-0 Be6 11. Ng5 Bd7 12. f4 h6 13. Nge4 Be7 14. Nxf6+ Bxf6 15. Ne4 0-0 16. Nxf6+ Qxf6 17. fxe5 Qg5 18. Rf3 Nxe5 19. Rg3 Qe7 20. Qd4 Rac8 21. Bd3 f6 22. Be4 g5 23. Ba3 Rfe8 24. Bxd6 Qg7 25. Re1 Bc6 26. Bxc6 Rxc6 27. Ba3 Rec8 28. c3 Qh7 29. e4 Qf7 30. Bb2 Qe6 31. Rf1 Rd6 32. Qa7 Rd7 33. Qe3 Rd3 34. Qf2 Ng4 35. Qf5 Qb6+ 36. Kh1 Rxg3 37. Qxc8+ Kh7 38. Qd7+ Kh8 39. hxg3 Ne5 1-0

[Event "GER-chB Seniors 28th"]
[Site "Niederhausen"]
[Date "2016.08.13"]
[Round "1"]
[White "Wraga, Hermann"]
[Black "Babichev, Vyacheslav"]
[Result "1/2-1/2"]
[WhiteElo "1651"]
[BlackElo "1830"]
[PlyCount "80"]
[EventDate "2016.08.13"]
[EventType "swiss"]
[EventRounds "9"]
[EventCountry "GER"]
[SourceTitle "EXT 2019"]
[Source "ChessBase"]
[SourceDate "2018.10.10"]
[SourceVersion "1"]
[SourceVersionDate "2018.10.10"]
[SourceQuality "1"]

1. e4 g6 2. d3 Bg7 3. Nd2 d6 4. g3 Nf6 5. h3 Nc6 6. Bg2 0-0 7. Ngf3 Bd7 8. 0-0 Qc8 9. Kh2 e5 10. Re1 Nh5 11. Nf1 Ne7 12. c3 b5 13. d4 Rd8 14. Qe2 Rb8 15. Bd2 Be6 16. d5 Bd7 17. Rec1 c5 18. Rab1 Qb7 19. a3 Nc8 20. b3 a6 21. Qd1 Nf6 22. Ne1 Na7 23. Qe2 Qc8 24. Nc2 h6 25. Be3 Ra8 26. Qd2 Kh7 27. Qe2 Nh5 28. Bd2 f5 29. f3 fxe4 30. fxe4 Rf8 31. Nfe3 Nf6 32. Nf1 Rf7 33. Nfe3 Qf8 34. Rf1 Qe7 35. Rf2 Raf8 36. Rbf1 h5 37. Ne1 Qd8 38. N1c2 Bh6 39. Nd1 Bxd2 40. Qxd2 Kg7 1/2-1/2

[Event "Mittelfranken Mitte-ch"]
[Site "Zirndorf"]
[Date "2016.01.04"]
[Round "5"]
[White "Mantel, Hubert"]
[Black "Babichev, Vyacheslav"]
[Result "1/2-1/2"]
[WhiteElo "1636"]
[BlackElo "1712"]
[PlyCount "79"]
[EventDate "2016.01.03"]
[EventType "swiss"]
[EventRounds "7"]
[EventCountry "GER"]
[SourceTitle "EXT 2018"]
[Source "ChessBase"]
[SourceDate "2017.10.13"]
[SourceVersion "1"]
[SourceVersionDate "2017.10.13"]
[SourceQuality "1"]

1. d4 e6 2. Nf3 Nf6 3. Bf4 Be7 4. e3 Nh5 5. Bg3 d6 6. Nbd2 Nxg3 7. hxg3 Nd7 8. Bd3 b6 9. Be4 d5 10. Bd3 Bf6 11. c3 Bb7 12. Qa4 c6 13. e4 b5 14. Qc2 h6 15. e5 Be7 16. Nh4 Nf8 17. f4 c5 18. Bxb5+ Nd7 19. f5 Qb6 20. Bxd7+ Kxd7 21. fxe6+ Qxe6 22. Qf5 cxd4 23. cxd4 Rac8 24. Kd1 g6 25. Qxe6+ Kxe6 26. Rc1 Rxc1+ 27. Kxc1 Bg5 28. Nhf3 Be3 29. Kd1 Ba6 30. Nb3 Kf5 31. Nc5 Bc8 32. Ke2 Bg5 33. Nxg5 Kxg5 34. Rf1 Bf5 35. Kf2 Rb8 36. b3 h5 37. Rc1 Rb4 38. Ke3 Kg4 39. a3 Rb8 40. Kf2 1/2-1/2

[Event "Mittelfranken-chTB2b 1516"]
[Site "Mittelfranken"]
[Date "2015.10.18"]
[Round "1.6"]
[White "Vogt, Peter"]
[Black "Babichev, Vyacheslav"]
[Result "1-0"]
[WhiteElo "1828"]
[BlackElo "1699"]
[PlyCount "77"]
[EventDate "2015.10.18"]
[EventType "team-tourn"]
[EventRounds "9"]
[EventCountry "GER"]
[SourceTitle "EXT 2020"]
[Source "ChessBase"]
[SourceDate "2019.10.17"]
[SourceVersion "1"]
[SourceVersionDate "2019.10.17"]
[SourceQuality "1"]
[WhiteTeam "Schwanstetten"]
[BlackTeam "Nuernberg Sued SW V"]
[WhiteTeamCountry "GER"]
[BlackTeamCountry "GER"]

1. e4 g6 2. d4 Bg7 3. Nc3 d6 4. Bg5 c6 5. Qd2 h6 6. Be3 Nf6 7. f3 Nbd7 8. 0-0-0 Qc7 9. Nge2 Nb6 10. Ng3 Ng8 11. Bd3 Bd7 12. h4 0-0-0 13. h5 g5 14. f4 f6 15. Nf5 Bf8 16. e5 d5 17. g4 Kb8 18. fxg5 hxg5 19. Qe2 fxe5 20. dxe5 e6 21. Nd6 Bxd6 22. exd6 Qxd6 23. Bxg5 Rf8 24. Rhf1 Rxf1 25. Rxf1 e5 26. Bf5 Kc8 27. Bxd7+ Nxd7 28. Rf7 Nh6 29. Rg7 Qf8 30. Rg6 Nf7 31. Bf6 Rh7 32. Qf2 Kb8 33. Qf5 Qe8 34. Bg7 Kc8 35. Re6 Qg8 36. Re7 Nd8 37. Qxd7+ Kb8 38. Qc7+ Ka8 39. Qc8# 1-0

[Event "Forchheim op-B 14th"]
[Site "Forchheim"]
[Date "2015.10.04"]
[Round "5"]
[White "Babichev, Vyacheslav"]
[Black "Rummel, Gerald"]
[Result "1-0"]
[WhiteElo "1825"]
[BlackElo "1780"]
[PlyCount "77"]
[EventDate "2015.10.02"]
[EventType "swiss"]
[EventRounds "5"]
[EventCountry "GER"]
[SourceTitle "EXT 2019"]
[Source "ChessBase"]
[SourceDate "2018.10.10"]
[SourceVersion "1"]
[SourceVersionDate "2018.10.10"]
[SourceQuality "1"]

1. e4 e6 2. Nf3 d5 3. exd5 exd5 4. b3 Nf6 5. Bb2 Be7 6. Be2 0-0 7. 0-0 c5 8. c4 d4 9. d3 Nc6 10. a3 a5 11. Nbd2 Re8 12. Re1 Bf5 13. Nf1 h6 14. Ng3 Bh7 15. Bc1 Bd6 16. Bd2 Qc7 17. Nh4 Bf4 18. Bxf4 Qxf4 19. Nf3 Re7 20. Ra2 Rae8 21. h3 Ne5 22. Rf1 Ng6 23. b4 b6 24. bxa5 bxa5 25. Qa4 Qc7 26. Rb2 Nf4 27. Qd1 Bg6 28. Nh4 Bh7 29. Nf3 g5 30. Ne1 a4 31. Bf3 Rxe1 32. Rxe1 Rxe1+ 33. Qxe1 Nxd3 34. Qd2 Nxb2 35. Qxb2 Qa5 36. Qb8+ Kg7 37. Qe5 d3 38. Nh5+ Kf8 39. Qd6+ 1-0

[Event "Forchheim op-B 14th"]
[Site "Forchheim"]
[Date "2015.10.04"]
[Round "4"]
[White "Hummel, Thomas"]
[Black "Babichev, Vyacheslav"]
[Result "0-1"]
[WhiteElo "1947"]
[BlackElo "1825"]
[PlyCount "92"]
[EventDate "2015.10.02"]
[EventType "swiss"]
[EventRounds "5"]
[EventCountry "GER"]
[SourceTitle "EXT 2019"]
[Source "ChessBase"]
[SourceDate "2018.10.10"]
[SourceVersion "1"]
[SourceVersionDate "2018.10.10"]
[SourceQuality "1"]

1. b4 e6 2. Bb2 Nf6 3. b5 d5 4. e3 Be7 5. Nf3 0-0 6. d4 Nbd7 7. Bd3 Ne8 8. Nbd2 f5 9. c4 c6 10. Qb3 Nef6 11. Ng5 Nb8 12. Ndf3 h6 13. Nh3 Nbd7 14. Nf4 Nb8 15. Ne5 Bd6 16. Nfg6 Re8 17. a4 a5 18. Ba3 Bxa3 19. Rxa3 dxc4 20. Qxc4 Qd6 21. Rb3 Nd5 22. Rb1 cxb5 23. axb5 b6 24. 0-0 Bb7 25. Qb3 Nb4 26. f3 Bd5 27. Bc4 Nd7 28. Rfe1 Bb7 29. Nf4 Nf8 30. Nfd3 Nd5 31. Nf2 Nb4 32. Rbd1 Qe7 33. e4 f4 34. Nfd3 Nxd3 35. Nxd3 Qf6 36. Nc1 Kh8 37. Ne2 Ng6 38. Nc3 Qg5 39. Na4 Rad8 40. Bxe6 Rd6 41. Bh3 Nh4 42. d5 Bc8 43. g4 fxg3 44. Bf1 gxh2+ 45. Kxh2 Rg6 46. Bh3 Qg3+ 0-1

[Event "Nuremberg Zabo op 17th"]
[Site "Nuremberg"]
[Date "2015.09.25"]
[Round "4"]
[White "Horneber, Thomas"]
[Black "Babichev, Vyacheslav"]
[Result "1-0"]
[WhiteElo "1932"]
[BlackElo "1688"]
[PlyCount "87"]
[EventDate "2015.09.21"]
[EventType "swiss"]
[EventRounds "5"]
[EventCountry "GER"]
[SourceTitle "EXT 2018"]
[Source "ChessBase"]
[SourceDate "2017.10.13"]
[SourceVersion "1"]
[SourceVersionDate "2017.10.13"]
[SourceQuality "1"]

1. d4 Nf6 2. Nf3 g6 3. Bg5 Bg7 4. Nbd2 h6 5. Bh4 g5 6. Bg3 Nh5 7. c3 d6 8. e4 Bg4 9. Qb3 Qc8 10. Bc4 Rf8 11. Ng1 Nc6 12. f3 Nxg3 13. hxg3 Bd7 14. Qc2 Na5 15. Bd3 e5 16. d5 b6 17. g4 a6 18. Ne2 Nb7 19. Ng3 Qd8 20. Ndf1 Rh8 21. Ne3 Nc5 22. Be2 b5 23. Nef5 Bf8 24. Rh2 Qf6 25. Kf2 Rh7 26. b3 Qd8 27. Rah1 Qf6 28. b4 Na4 29. c4 Ra7 30. Bd3 Rb7 31. a3 Ra7 32. Rc1 Qd8 33. Qe2 Rb7 34. Qe3 Rh8 35. c5 dxc5 36. bxc5 c6 37. d6 Be6 38. Bc2 Nb2 39. Qc3 Nc4 40. Rch1 Qf6 41. Bd3 Ra7 42. Bxc4 Bxc4 43. Nh5 Qd8 44. Qxe5+ 1-0

[Event "Nuremberg Zabo op 17th"]
[Site "Nuremberg"]
[Date "2015.09.21"]
[Round "5"]
[White "Vogiatzis, Dimitrios"]
[Black "Babichev, Vyacheslav"]
[Result "0-1"]
[WhiteElo "1944"]
[BlackElo "1688"]
[PlyCount "72"]
[EventDate "2015.09.21"]
[EventType "swiss"]
[EventRounds "5"]
[EventCountry "GER"]
[SourceTitle "EXT 2018"]
[Source "ChessBase"]
[SourceDate "2017.10.13"]
[SourceVersion "1"]
[SourceVersionDate "2017.10.13"]
[SourceQuality "1"]

1. e4 e5 2. Nf3 Nc6 3. Bb5 d6 4. d3 Bd7 5. c3 a6 6. Ba4 b5 7. Bc2 Nf6 8. Nbd2 Nh5 9. Nf1 Nf4 10. Ne3 g6 11. 0-0 Bg7 12. h3 0-0 13. Nh2 Ne7 14. a4 c6 15. d4 Qc7 16. dxe5 dxe5 17. Qf3 Kh8 18. axb5 axb5 19. Rxa8 Rxa8 20. g4 Be6 21. Ng2 g5 22. Nxf4 exf4 23. Rd1 Ng6 24. Qd3 Ne5 25. Qd2 Bf6 26. b3 Ra2 27. c4 Kg7 28. Re1 bxc4 29. bxc4 Bxc4 30. Qd1 Qb6 31. h4 h6 32. hxg5 hxg5 33. Bxf4 gxf4 34. g5 Bxg5 35. Qh5 f6 36. Rb1 Rb2 0-1

[Event "GER-chB Seniors 27th"]
[Site "Magdeburg"]
[Date "2015.08.21"]
[Round "7"]
[White "Grigat, Klaus Dieter"]
[Black "Babichev, Vyacheslav"]
[Result "1-0"]
[WhiteElo "1962"]
[BlackElo "1823"]
[PlyCount "83"]
[EventDate "2015.08.15"]
[EventType "swiss"]
[EventRounds "9"]
[EventCountry "GER"]
[SourceTitle "EXT 2018"]
[Source "ChessBase"]
[SourceDate "2017.10.13"]
[SourceVersion "1"]
[SourceVersionDate "2017.10.13"]
[SourceQuality "1"]

1. e4 e5 2. Nf3 Nc6 3. Bc4 d6 4. d3 Nf6 5. Nc3 Be7 6. Bd2 0-0 7. Nd5 Nxd5 8. Bxd5 Be6 9. Qe2 Bxd5 10. exd5 Nb8 11. 0-0-0 Nd7 12. h4 Nf6 13. c4 h6 14. Rdg1 Qd7 15. Nh2 Nh7 16. g4 Bxh4 17. Nf3 Bg5 18. Nxg5 Nxg5 19. Bxg5 hxg5 20. Qe3 f6 21. Qh3 Kf7 22. Qh5+ Ke7 23. Qg6 Rf7 24. Rh7 Rg8 25. f3 c6 26. d4 cxd5 27. cxd5 Qa4 28. Qf5 Qc4+ 29. Kb1 Qxd5 30. dxe5 Qxe5 31. Qc2 f5 32. Rh2 Kf6 33. Rd1 g6 34. Re2 Qc5 35. Qb3 Kg7 36. Qe6 Rd8 37. Rc2 Qb6 38. gxf5 gxf5 39. Rh2 Rf6 40. Qe7+ Rf7 41. Qxg5+ Kf8 42. Rh8# 1-0

[Event "GER-chB Seniors 27th"]
[Site "Magdeburg"]
[Date "2015.08.20"]
[Round "6"]
[White "Babichev, Vyacheslav"]
[Black "Ludwig, Richard"]
[Result "1-0"]
[WhiteElo "1823"]
[BlackElo "1656"]
[PlyCount "75"]
[EventDate "2015.08.15"]
[EventType "swiss"]
[EventRounds "9"]
[EventCountry "GER"]
[SourceTitle "EXT 2018"]
[Source "ChessBase"]
[SourceDate "2017.10.13"]
[SourceVersion "1"]
[SourceVersionDate "2017.10.13"]
[SourceQuality "1"]

1. Nf3 Nc6 2. b3 d5 3. e3 Nf6 4. Bb2 e6 5. Bb5 Bd7 6. 0-0 Bd6 7. Re1 0-0 8. d4 Re8 9. a3 a6 10. Be2 Bc8 11. Nbd2 Nd7 12. c4 dxc4 13. Nxc4 Be7 14. Qc2 b5 15. Ncd2 Bb7 16. Rac1 Bf6 17. Ne4 Rc8 18. Nxf6+ Nxf6 19. Bd3 h6 20. Red1 Qe7 21. Qe2 Red8 22. Rd2 Na5 23. Bc2 Ne4 24. Rdd1 Bd5 25. Qd3 Qf6 26. Rf1 g6 27. Ne5 Nc6 28. Ng4 Qg5 29. f3 Nf6 30. Nxf6+ Qxf6 31. e4 Bxb3 32. Qxb3 Nxd4 33. Bxd4 Qxd4+ 34. Kh1 c5 35. Rcd1 Qf6 36. Rxd8+ Rxd8 37. Qe3 Qc3 38. Qxc3 1-0

[Event "GER-chB Seniors 27th"]
[Site "Magdeburg"]
[Date "2015.08.17"]
[Round "3"]
[White "Wraga, Hermann"]
[Black "Babichev, Vyacheslav"]
[Result "0-1"]
[WhiteElo "1669"]
[BlackElo "1823"]
[PlyCount "148"]
[EventDate "2015.08.15"]
[EventType "swiss"]
[EventRounds "9"]
[EventCountry "GER"]
[SourceTitle "EXT 2018"]
[Source "ChessBase"]
[SourceDate "2017.10.13"]
[SourceVersion "1"]
[SourceVersionDate "2017.10.13"]
[SourceQuality "1"]

1. e4 e5 2. Bc4 Nf6 3. d3 Nc6 4. a3 d5 5. exd5 Nxd5 6. h3 Be7 7. Nf3 0-0 8. 0-0 Bf6 9. Re1 Re8 10. Nbd2 g6 11. Ne4 Bg7 12. Bg5 Nf6 13. Bh4 h6 14. Qc1 Be6 15. Nxf6+ Bxf6 16. Bxf6 Qxf6 17. Bxe6 Rxe6 18. Qxh6 Qg7 19. Qxg7+ Kxg7 20. Re2 Rd8 21. Rae1 f6 22. b4 b5 23. Nd2 Nd4 24. Re4 Nxc2 25. Rc1 f5 26. Re2 Nd4 27. Rxc7+ Kf6 28. Re1 a6 29. Kf1 Rdd6 30. Rec1 Kg5 31. g3 Nc6 32. Ke2 Kh6 33. Rc3 Nd4+ 34. Kf1 Kg5 35. Ke1 Kh6 36. Kf1 Rd8 37. Rc8 Rd7 38. Nb3 Nxb3 39. Rxb3 Red6 40. Rcc3 Kg5 41. Ke2 Rh7 42. h4+ Kg4 43. Rc5 Re7 44. Rcc3 f4 45. Kf1 fxg3 46. fxg3 Kxg3 47. d4+ Kxh4 48. Rh3+ Kg5 49. Rbg3+ Kf6 50. dxe5+ Rxe5 51. Rf3+ Rf5 52. Rxf5+ gxf5 53. Ke2 f4 54. Rh5 Kg6 55. Rc5 Kf6 56. Rh5 Ke6 57. Rc5 Kf6 58. Rh5 Kg6 59. Rc5 Re6+ 60. Kf3 Re3+ 61. Kxf4 Rxa3 62. Ke5 Kg5 63. Kd4+ Kf4 64. Rc3 Rxc3 65. Kxc3 Ke3 66. Kb2 Kd4 67. Ka3 Kc3 68. Ka2 Kxb4 69. Kb2 Ka4 70. Ka2 b4 71. Kb2 b3 72. Kb1 Ka3 73. Ka1 b2+ 74. Kb1 a5 0-1